[Event "ODJM C 2019"]
[Site "Willingen GER"]
[Date "2019.06.09"]
[Round "1"]
[White "Ott, Linda"]
[Black "Fischer, John"]
[Result "0-1"]
[Termination "normal"]
[Board "13"]
[WhiteElo "1122"]
[BlackElo "1374"]
[PlyCount "74"]
[WhiteFideId "12992453"]
[BlackFideId "16268679"]
[EventCountry "GER"]
[EventRounds "9"]
[EventType "swiss"]
[EventDate "2019.06.08"]

1. e4 d5 2. Nc3 dxe4 3. Nxe4 Bf5 4. Ng3 Bg6 5. Bc4 Nf6 6. Nf3 e6 7. c3 Bd6 8.
O-O O-O 9. d4 c6 10. Bd3 Bxd3 11. Qxd3 Qc7 12. Bg5 Nbd7 13. h4 Bxg3 14. fxg3
Qxg3 15. Ne5 Qxd3 16. Nxd3 Ne4 17. Be3 Rac8 18. Rae1 Rfe8 19. Bf4 Nef6 20. Rf3
h6 21. Ne5 Nxe5 22. Rxe5 Nd5 23. Bd2 f6 24. Rh5 f5 25. Rg3 Kh7 26. Bg5 Kg6 27.
Rxh6+ gxh6 28. h5+ Kxh5 29. Bd2 f4 30. Rg7 Rc7 31. g4+ Kh4 32. Be1+ Kh3 33. Rg6
Rh7 34. g5 hxg5 35. Rxg5 Ree7 36. Kf2 Reg7 37. Re5 Kg4 0-1

[Event "ODJM C 2019"]
[Site "Willingen GER"]
[Date "2019.06.09"]
[Round "1"]
[White "Sinka, Silas"]
[Black "Burdett, Sabah"]
[Result "1-0"]
[Termination "normal"]
[Board "14"]
[WhiteElo "1292"]
[BlackElo "1033"]
[PlyCount "85"]
[WhiteFideId "16265823"]
[BlackFideId "16267702"]
[EventCountry "GER"]
[EventRounds "9"]
[EventType "swiss"]
[EventDate "2019.06.08"]

1. d4 d5 2. c4 Nf6 3. e3 Bf5 4. b3 e6 5. Nf3 Bd6 6. Bb2 Nc6 7. Nbd2 Nb4 8. e4
dxe4 9. Nh4 O-O 10. Nxf5 exf5 11. a3 Nc6 12. Be2 Bf4 13. Nf1 Re8 14. Ne3 Bxe3
15. fxe3 Ng4 16. Bxg4 fxg4 17. Qxg4 Qd6 18. O-O Qh6 19. Qf4 Qxf4 20. Rxf4 g5
21. Rf5 h6 22. Raf1 Rf8 23. Rf6 Kg7 24. d5 Na5 25. Ra6+ Kg8 26. Rxa5 f5 27. Rc5
Rf7 28. d6 cxd6 29. Rcxf5 Rxf5 30. Rxf5 a5 31. Rf6 a4 32. Rxh6 Ra6 33. b4 Kf8
34. c5 Ke7 35. Bf6+ Kd7 36. Bxg5 Rc6 37. Rxd6+ Rxd6 38. cxd6 Kxd6 39. h4 Ke6
40. Kf2 Kf7 41. Kg3 Kg7 42. Kf4 b5 43. Kxe4 1-0

[Event "ODJM C 2019"]
[Site "Willingen GER"]
[Date "2019.06.09"]
[Round "1"]
[White "Scheerer, Amelie"]
[Black "Navarro Jahnke, Eric"]
[Result "0-1"]
[Termination "normal"]
[Board "15"]
[WhiteElo "1054"]
[BlackElo "1259"]
[PlyCount "38"]
[WhiteFideId "16275772"]
[BlackFideId "16234138"]
[EventCountry "GER"]
[EventRounds "9"]
[EventType "swiss"]
[EventDate "2019.06.08"]

1. e4 e6 2. d4 d5 3. exd5 exd5 4. Be3 Nf6 5. Nc3 Bf5 6. Bd3 Bxd3 7. Qxd3 Nc6 8.
O-O-O Bb4 9. Nf3 O-O 10. Bg5 h6 11. Bh4 Bxc3 12. Qxc3 Qd6 13. Qc5 Qf4+ 14. Kb1
Rad8 15. Bg3 Qf5 16. Bxc7 Ne4 17. Qxf8+ Rxf8 18. Bg3 Nb4 19. a3 Nxc2 0-1

[Event "ODJM C 2019"]
[Site "Willingen GER"]
[Date "2019.06.09"]
[Round "1"]
[White "Vollmer, Jan"]
[Black "Moldovan, Tudor"]
[Result "0-1"]
[Termination "normal"]
[Board "16"]
[WhiteElo "1269"]
[BlackElo "1030"]
[PlyCount "118"]
[WhiteFideId "16287649"]
[BlackFideId "16288203"]
[EventCountry "GER"]
[EventRounds "9"]
[EventType "swiss"]
[EventDate "2019.06.08"]

1. e4 c5 2. Nf3 a6 3. c4 Nc6 4. d3 e5 5. Be3 d6 6. Nc3 Nd4 7. Nd5 Be6 8. Nxd4
cxd4 9. Bd2 Bxd5 10. cxd5 Nf6 11. Be2 g6 12. Qa4+ Qd7 13. Qxd7+ Nxd7 14. Bg5
Bg7 15. Bd1 Nf6 16. Rc1 O-O 17. g4 Rac8 18. Rb1 Rc7 19. h4 Rfc8 20. h5 gxh5 21.
gxh5 h6 22. Bd2 Kf8 23. f4 Nd7 24. Bg4 Re8 25. Bb4 Nc5 26. Kd2 b6 27. Rhf1 a5
28. Ba3 exf4 29. Rxf4 Be5 30. Rf3 b5 31. b4 axb4 32. Bxb4 Ra7 33. a3 Ke7 34.
Rbf1 Rf8 35. Rf5 Rc7 36. Bd1 f6 37. Rg1 Kf7 38. Rg6 Rg8 39. Rxh6 Rg2+ 40. Ke1
Nxd3+ 41. Kf1 Rg7 42. Bd2 Rc8 43. Rf3 Nc5 44. Bf4 Nxe4 45. Ke2 Nc3+ 46. Kf1
Bxf4 47. Rxf4 Nxd1 48. Rhxf6+ Kg8 49. Rf8+ Rxf8 50. Rxf8+ Kxf8 51. h6 Rh7 52.
a4 bxa4 53. Ke1 Ne3 54. Ke2 a3 55. Kf2 a2 56. Ke2 a1=Q 57. Kf2 Qf1+ 58. Kg3
Qg2+ 59. Kf4 Rf7# 0-1

[Event "ODJM C 2019"]
[Site "Willingen GER"]
[Date "2019.06.09"]
[Round "1"]
[White "Jagodzinsky, Lukas"]
[Black "Burger, Daiana"]
[Result "1-0"]
[Termination "normal"]
[Board "17"]
[WhiteElo "1026"]
[BlackElo "1366"]
[PlyCount "159"]
[WhiteFideId "16233255"]
[BlackFideId "16217233"]
[EventCountry "GER"]
[EventRounds "9"]
[EventType "swiss"]
[EventDate "2019.06.08"]

1. e4 e5 2. Nf3 Nc6 3. Bc4 Bc5 4. O-O d6 5. Nc3 Nf6 6. d3 Be6 7. Bb5 Qd7 8. Bg5
O-O-O 9. Nd5 Rdf8 10. Bxc6 Qxc6 11. Ne7+ Kd7 12. Nxc6 bxc6 13. Bxf6 gxf6 14. g3
Bh3 15. Re1 Rfg8 16. d4 Bb6 17. dxe5 f5 18. exd6 f4 19. Ne5+ Ke6 20. Nxc6 fxg3
21. hxg3 Rxg3+ 22. Kh2 Bxf2 23. Qd5+ Kf6 24. Qe5+ Kg6 25. Ne7+ Kh6 26. Nf5+
Bxf5 27. Qf6+ Bg6 28. Qxf2 Rg5 29. Qf4 cxd6 30. Rg1 f6 31. Qh4+ Rh5 32. Qxh5+
Kxh5 33. a4 Rc8 34. c3 Rc4 35. Rae1 Rxa4 36. Re3 Kh6 37. Rh3+ Kg7 38. Rd3 Rxe4
39. Rxd6 a5 40. Rd4 Re2+ 41. Rg2 Re5 42. Ra4 h5 43. b4 Re4 44. Rxa5 Re6 45.
Rxh5 Kf7 46. Ra5 Be4 47. Ra7+ Kf8 48. Rd2 Ke8 49. Rb2 f5 50. b5 Rh6+ 51. Kg3
Rg6+ 52. Kf4 Rg4+ 53. Ke5 Kd8 54. Rh2 Rg8 55. Rf7 Re8+ 56. Kf4 Bd3 57. Kg5 Rg8+
58. Kf6 Bc4 59. b6 Bxf7 60. Kxf7 Re8 61. Rd2+ Kc8 62. Kxe8 Kb7 63. Rf2 f4 64.
Rxf4 Kxb6 65. Rc4 Kb5 66. Rh4 Kc5 67. Kd7 Kd5 68. Rh5+ Kc4 69. Kd6 Kxc3 70. Rh4
Kd3 71. Ke5 Ke2 72. Rh3 Kf2 73. Ra3 Ke2 74. Kd4 Kf2 75. Ke4 Kg2 76. Kf4 Kf2 77.
Ra2+ Ke1 78. Kf3 Kd1 79. Ke3 Kc1 80. Kd3 1-0

[Event "ODJM C 2019"]
[Site "Willingen GER"]
[Date "2019.06.09"]
[Round "1"]
[White "Engels, Marlene"]
[Black "Wartenberg, Alexander"]
[Result "1/2-1/2"]
[Termination "normal"]
[Board "18"]
[WhiteElo "1263"]
[BlackElo "1002"]
[PlyCount "48"]
[WhiteFideId "16222962"]
[BlackFideId "16280768"]
[EventCountry "GER"]
[EventRounds "9"]
[EventType "swiss"]
[EventDate "2019.06.08"]

1. e4 e5 2. Nf3 Nf6 3. Nc3 Nc6 4. Bc4 Nxe4 5. d3 Nxc3 6. bxc3 Bc5 7. d4 exd4 8.
cxd4 Bb4+ 9. Bd2 Bxd2+ 10. Qxd2 O-O 11. O-O d5 12. Bd3 Bg4 13. Be2 Qf6 14. Rad1
Rfe8 15. h3 Bf5 16. Rfe1 Re7 17. c3 Rae8 18. Bd3 Bxd3 19. Qxd3 Rxe1+ 20. Rxe1
Rxe1+ 21. Nxe1 Qg6 22. Qb5 b6 23. Qxd5 h6 24. Qd7 Qe6 1/2-1/2

[Event "ODJM C 2019"]
[Site "Willingen GER"]
[Date "2019.06.09"]
[Round "1"]
[White "Pauser, Kilian"]
[Black "Hapke, Lara"]
[Result "1-0"]
[Termination "normal"]
[Board "19"]
[WhiteElo "995"]
[BlackElo "1358"]
[PlyCount "53"]
[WhiteFideId "16287584"]
[BlackFideId "12996572"]
[EventCountry "GER"]
[EventRounds "9"]
[EventType "swiss"]
[EventDate "2019.06.08"]

1. e4 e5 2. Nf3 Nc6 3. Bc4 Bc5 4. d3 Nf6 5. Be3 Bxe3 6. fxe3 d6 7. O-O Bg4 8.
d4 Nxe4 9. Qd3 Nf6 10. Qb3 O-O 11. Qxb7 Na5 12. Qb5 Nxc4 13. Qxc4 exd4 14. exd4
Ne4 15. d5 Re8 16. Nc3 Bxf3 17. Nxe4 Bxe4 18. Rae1 Bg6 19. Rxe8+ Qxe8 20. Qxc7
Qd8 21. Qc6 Rc8 22. Qb7 Rxc2 23. Qxa7 Rxb2 24. a4 Be4 25. Qxf7+ Kh8 26. Qf8+
Qxf8 27. Rxf8# 1-0

[Event "ODJM C 2019"]
[Site "Willingen GER"]
[Date "2019.06.09"]
[Round "1"]
[White "Bangiev, Anton"]
[Black "Schwarz, David"]
[Result "1-0"]
[Termination "normal"]
[Board "20"]
[WhiteElo "1342"]
[BlackElo "950"]
[PlyCount "95"]
[WhiteFideId "16267222"]
[BlackFideId "16287614"]
[EventCountry "GER"]
[EventRounds "9"]
[EventType "swiss"]
[EventDate "2019.06.08"]

1. e4 e5 2. Nf3 Nc6 3. Nc3 Nf6 4. g3 Bc5 5. Bg2 d6 6. O-O Bg4 7. d3 h6 8. h3
Bh5 9. Na4 Nd4 10. c3 Nxf3+ 11. Bxf3 Bxf3 12. Qxf3 Qd7 13. Nxc5 dxc5 14. Kh2
O-O-O 15. Rd1 g5 16. Qxf6 g4 17. hxg4 Qxg4 18. Qf5+ Qxf5 19. exf5 c4 20. d4
exd4 21. Rxd4 Rxd4 22. cxd4 Rd8 23. Be3 Rd5 24. g4 Kd7 25. Rc1 b5 26. Rd1 Ke7
27. Bxh6 f6 28. Kg3 Kf7 29. Kf3 c6 30. Ke4 a6 31. Rc1 Ke7 32. a4 Kd7 33. axb5
axb5 34. Ra1 Kc8 35. Ra8+ Kb7 36. Rf8 Rd6 37. Bg7 Kc7 38. Rxf6 Rxf6 39. Bxf6
Kd7 40. g5 Ke8 41. g6 Kf8 42. d5 cxd5+ 43. Kxd5 Kg8 44. Ke6 b4 45. g7 c3 46.
Bxc3 bxc3 47. bxc3 Kxg7 48. Ke7 1-0

[Event "ODJM C 2019"]
[Site "Willingen GER"]
[Date "2019.06.09"]
[Round "1"]
[White "Chassard, Cecilia"]
[Black "Fröhlich, Niklas"]
[Result "0-1"]
[Termination "normal"]
[Board "21"]
[WhiteElo "915"]
[BlackElo "1261"]
[PlyCount "102"]
[WhiteFideId "16271831"]
[BlackFideId "16245016"]
[EventCountry "GER"]
[EventRounds "9"]
[EventType "swiss"]
[EventDate "2019.06.08"]

1. e4 c5 2. Nc3 d6 3. Nf3 Nf6 4. Bb5+ Bd7 5. Bxd7+ Qxd7 6. Nd5 Nxd5 7. exd5 Qg4
8. g3 Qe4+ 9. Kf1 Qxd5 10. Kg2 g5 11. Rg1 g4 12. b4 gxf3+ 13. Qxf3 Qxf3+ 14.
Kxf3 Bg7 15. Rb1 b6 16. bxc5 dxc5 17. Re1 Nc6 18. c3 Ne5+ 19. Kg2 O-O-O 20. d4
Nd3 21. Rxe7 Rd7 22. Rxd7 Kxd7 23. dxc5 Nxc5 24. Be3 Na4 25. Rd1+ Kc8 26. Bd4
Rd8 27. Kf3 Nxc3 28. Bxc3 Rxd1 29. Bxg7 Rd2 30. Bc3 Rd3+ 31. Kg4 Rxc3 32. Kg5
Rc2 33. Kh6 Rxf2 34. h4 Rg2 35. Kxh7 Rxg3 36. h5 Kd8 37. h6 Rh3 38. Kg7 f5 39.
h7 f4 40. h8=Q+ Rxh8 41. Kxh8 f3 42. Kg7 f2 43. Kh8 f1=Q 44. Kg7 Ke7 45. Kg6
Qf6+ 46. Kh5 Qg7 47. Kh4 Kf6 48. Kh3 Kf5 49. Kh2 Kf4 50. Kh1 Kf3 51. Kh2 Qg2#
0-1

[Event "ODJM C 2019"]
[Site "Willingen GER"]
[Date "2019.06.09"]
[Round "1"]
[White "Akcapinar, Timur"]
[Black "Apel, Linus"]
[Result "0-1"]
[Termination "normal"]
[Board "23"]
[WhiteElo "852"]
[BlackElo "1410"]
[PlyCount "46"]
[WhiteFideId "16287509"]
[BlackFideId "16265785"]
[EventCountry "GER"]
[EventRounds "9"]
[EventType "swiss"]
[EventDate "2019.06.08"]

1. e4 e5 2. Nf3 Nc6 3. d4 exd4 4. Nxd4 Bc5 5. Be3 Qf6 6. c3 Nge7 7. Bd3 O-O 8.
O-O d5 9. exd5 Nxd5 10. Qh5 h6 11. Qxd5 Bb6 12. Nxc6 bxc6 13. Qb3 Be6 14. Bc4
Bf5 15. Bxb6 cxb6 16. Nd2 Rfe8 17. Rfe1 Qg6 18. Rxe8+ Rxe8 19. Rc1 Bh3 20. Bf1
Qg5 21. Nf3 Qxc1 22. gxh3 Qf4 23. Bc4 Qxf3 0-1

[Event "ODJM C 2019"]
[Site "Willingen GER"]
[Date "2019.06.09"]
[Round "1"]
[White "Prinzen, Per Henrik"]
[Black "Buchholz, Jan Robert"]
[Result "0-1"]
[Termination "normal"]
[Board "25"]
[WhiteElo "833"]
[BlackElo "1229"]
[PlyCount "96"]
[WhiteFideId "16287592"]
[BlackFideId "16286537"]
[EventCountry "GER"]
[EventRounds "9"]
[EventType "swiss"]
[EventDate "2019.06.08"]

1. e4 c5 2. Nf3 g6 3. d3 Bg7 4. Nc3 Nc6 5. Bf4 Nf6 6. g3 O-O 7. Bg2 d5 8. O-O
Re8 9. Qd2 e5 10. Bg5 d4 11. Ne2 Qc7 12. h3 Be6 13. c3 Qd7 14. Kh2 Rad8 15.
cxd4 cxd4 16. Rac1 Bxa2 17. Rc2 Bb3 18. Rcc1 Rc8 19. h4 Ng4+ 20. Kh3 h6 21. Bd8
Ne3+ 22. Kh2 Nxf1+ 23. Rxf1 Qxd8 24. Bh3 Be6 25. Bxe6 Rxe6 26. Kg2 Qa5 27. Qe1
Qxe1 28. Rxe1 Nb4 29. Rf1 Nxd3 30. Kg1 Nxb2 31. Nh2 d3 32. Nc1 d2 33. Nb3 d1=Q
34. Rxd1 Nxd1 35. Kg2 f5 36. exf5 gxf5 37. Nd2 a5 38. Ndf3 b5 39. Kf1 Rc2 40.
Kg1 Nxf2 41. Kf1 Rd6 42. Ne1 Rd1 43. Nhf3 Ra2 44. h5 e4 45. Ne5 Bxe5 46. Kg2
Ng4+ 47. Kf1 Rf2+ 48. Kg1 Rxe1# 0-1

[Event "ODJM C 2019"]
[Site "Willingen GER"]
[Date "2019.06.09"]
[Round "1"]
[White "Mylke, Sandy-Michelle"]
[Black "Weidenhöfer, Ben"]
[Result "1-0"]
[Termination "normal"]
[Board "26"]
[WhiteElo "1238"]
[BlackElo "821"]
[PlyCount "41"]
[WhiteFideId "16235045"]
[BlackFideId "16273702"]
[EventCountry "GER"]
[EventRounds "9"]
[EventType "swiss"]
[EventDate "2019.06.08"]

1. d4 d5 2. e3 Nf6 3. Bd3 Nc6 4. c3 Bg4 5. Nf3 Bxf3 6. Qxf3 e6 7. Qd1 Bd6 8. f4
O-O 9. Nd2 Qd7 10. Nf3 h6 11. Ne5 Bxe5 12. fxe5 Ne4 13. O-O Qe7 14. Qe2 Qh4 15.
Rf4 Qg5 16. Bd2 Nxd2 17. Qxd2 Rad8 18. Qe2 Rfe8 19. Raf1 Rf8 20. Rg4 Qh5 21.
Rxg7+ 1-0

[Event "ODJM C 2019"]
[Site "Willingen GER"]
[Date "2019.06.09"]
[Round "1"]
[White "Weiss, Adrian"]
[Black "Malinowsky, Celina"]
[Result "0-1"]
[Termination "normal"]
[Board "27"]
[WhiteElo "774"]
[BlackElo "1109"]
[PlyCount "64"]
[WhiteFideId "16286022"]
[BlackFideId "16266986"]
[EventCountry "GER"]
[EventRounds "9"]
[EventType "swiss"]
[EventDate "2019.06.08"]

1. d4 d5 2. Bf4 Nf6 3. e3 Bf5 4. Bd3 Bg6 5. c3 e6 6. Nf3 Bd6 7. Bg3 O-O 8. Bxg6
fxg6 9. Ng5 Qe7 10. h4 Bxg3 11. fxg3 Ne4 12. Rf1 Rxf1+ 13. Kxf1 Nxg5 14. hxg5
Qxg5 15. Qa4 Nc6 16. Kf2 Rf8+ 17. Ke2 Qxg3 18. Nd2 Rf2+ 19. Kd3 Qxg2 20. Qc2
Qg4 21. e4 dxe4+ 22. Kc4 e3 23. Qe4 Qe2+ 24. Kb3 exd2 25. Qxe2 Rxe2 26. Rd1 h5
27. Kc4 h4 28. Kd3 Rg2 29. Rxd2 Rxd2+ 30. Kxd2 h3 31. Ke2 h2 32. Kf2 h1=Q 0-1